000 00772nam a2200241 i 4500
001 41112
003 ES-MaACL
005 20230906160357.0
007 t|
008 030310s1984 sp f |||| | spa d
080 _a53:1
080 _a291.4
100 1 _aCapra, Fritjof.
_934904
245 1 3 _aEl Tao de la física
_b: una exploración de los paralelos entre la física moderna y el misticismo oriental /
_cFritjof Capra ; traductor, Juan José Alonso Rey.
260 _aMadrid :
_bLuis Cárcamo,
_c1984.
300 _a395 p., 2 lám. ;
_c21 cm.
500 _aÍndice.
504 _aBibliografía: p. 377-381.
650 0 4 _aFísica-
_xFilosofía.
_912881
650 _aMisticismo.
_915086
700 1 _aAlonso Rey, Juan José.
_920390
852 _aES-MaACL
_jB-221
999 _c41112
_d41112